000
00211nam a22000857a 4500
008
160912b xxu||||| |||| 00| 0 eng d
100
_9
369
_a
NCERT
245
_a
Educational Technology
260
_a
New Delhi
_b
NCERT
_c
2006
999
_c
3028
_d
3028